Chansons françaises des années 1960 par paroles A-Z - Statistiques

Statistiques générales
  • Ce quiz a été pris 60 fois
  • Le résultat moyen est 13 sur 25
Statistiques - réponses
Paroles Chansons % Correct
B Quand au hasard des jours Je m'en vais faire un tour À mon ancienne adresse Je ne reconnais plus Ni les murs ni les rues Qui ont vu ma jeunesse
En haut d'un escalier
Je cherche l'atelier
Dont plus rien ne subsiste
Dans son nouveau décor
Montmartre semble triste
Et les lilas sont morts
La {bohème}
88%
A J'avais dessiné
Sur le sable
Son doux visage
Qui me souriait
Puis il a plu
Sur cette plage
Dans cet orage
Elle a disparu
Aline
86%
S Je pars pour de longs mois en laissant Margot
Hisse et ho
________
D'y penser j'avais le cœur gros
En doublant les feux de Saint-Malo
Santiano
80%
C Et puis je m’habille très vite
Je sors de la chambre
________
Tout seul
Je bois mon café
Je suis en retard
________
Comme d'habitude
71%
O Tu as volé, as volé, as volé, as volé, as volé, as volé l'________
Tu as volé, as volé, as volé, l'________ du marchand
Non
Tu as volé, as volé, as volé, as volé, as volé, as volé l'________
Tu as volé, as volé, as volé, l'________ du marchand
Non
L'{orange}
71%
D À la place des crayons, ils avaient des limes
En guise de cravates des cordes de lin
Ne vous étonnez pas si leur tout premier crime
Fut d'avoir fait mourir leur maman de chagrin
Ta ga da ta ga da voilà les ________ Ta ga da ta ga da voilà les ________ C'étaient les ________ Ta ga da ta ga da y a plus personne
Les {Dalton}
69%
H J'appuie sur le starter
Et voici que je quitte la Terre
J'irai p't-être au paradis
Mais dans un train d'enfer
Je n'ai besoin de personne
En ________ Je n'reconnais plus personne En ________
Harley Davidson
67%
J ________ Merci maman merci papa
Tous les ans
Je voudrais qu'ça r'commence
You kaïdi aïdi aïda
Les jolies colonies de vacances
65%
K Il n'ira pas beaucoup plus loin
La nuit viendra bientôt
Il voit là-bas dans le lointain
Les neiges du ________
Elles te feront un blanc manteau
Où tu pourras dormir
Elles te feront un blanc manteau
Où tu pourras dormir dormir dormir
Kilimandjaro
61%
E Donne-moi ta main et prends la mienne
La cloche a sonné ça signifie
La rue est à nous que la joie vienne
Mais oui mais oui l'________
Nous irons danser ce soir peut-être
Ou bien chahuter tous entre amis
Rien que d'y penser j'en perds la tête
L'{école est finie}
61%
V T'as voulu voir Paris
Et on a vu Paris
T'as voulu voir Dutronc
Et on a vu Dutronc
J'ai voulu voir ta sœur
J'ai vu le mont Valérien
T'as voulu voir Hortense
Elle était dans le Cantal
Je voulais voir Byzance
Et on a vu Pigalle
À la gare Saint-Lazare
J'ai vu les fleurs du mal
Par hasard
Vesoul
61%
F Mets pas tes doigts dans le nez
Tu suces encore ton pouce
Qu'est-ce que t'as renversé
Ferme les yeux, ouvre la bouche
Mange pas tes ongles, vilain
Va te laver les mains
Ne traverse pas la rue
Sinon panpan tutu
________
À dada prout prout cadet
À cheval sur mon bidet
Fais pas ci, fais pas ça
59%
Q Quand tu n’te sens plus chatte
Et que tu deviens chienne
Et qu’à l’appel du loup
Tu brises enfin tes chaînes
Quand ton premier soupir
Se finit dans un cri
Quand c’est moi qui dis non
Quand c’est toi qui dis oui
Que je t'aime
59%
P Mes disques sont un miroir
Dans lequel chacun peut me voir
Je suis partout à la fois
Brisée en mille éclats de voix
Autour de moi j'entends rire les poupées de chiffon
Celles qui dansent sur mes chansons
Poupée de cire, poupée de son
57%
N C'est payé balayé oublié
Je me fous du passé
Avec mes souvenirs j'ai allumé le feu
Mes chagrins mes plaisirs
Je n'ai plus besoin d'eux
Balayées les amours avec leurs trémolos
Balayées pour toujours je repars à zéro
Non, je ne regrette rien
53%
Y ________ sur la tête à Mathieu
Il n'y a qu'une dent Il n'y a qu'une dent
________ sur la tête à Mathieu
Il n'y a qu'une dent dans la mâchoire à Jean
Y a qu'un ch'veu
47%
G Quand vient l’mardi, la ________
Met ses bijoux, ses chinchillas
Et puis à minuit, la ________
Autour du cou s’met un boa
Y en a qui marmonnent que la ________ Ce serait un homme on dit ça
La {grande Zoa}
41%
M On est bien peu de chose
Et ________
Me l’a dit ce matin
À l’aurore je suis née
Baptisée de rosée
Je me suis épanouie
Heureuse et amoureuse
Aux rayons du soleil
Me suis fermée la nuit
Me suis réveillée vieille
Mon amie la rose
41%
I Je dors d'ordinaire sous les frondaisons
Et toute la jungle est ma maison
Toutes les abeilles de la forêt
Butinent pour moi dans les bosquets
Et quand je retourne un gros caillou
Je sais trouver des fourmis dessous
Essaie, c'est bon, c'est doux
Il en faut peu pour être heureux
33%
R Écoute les orgues, elles jouent pour toi
Il est terrible cet air-là
J'espère que tu aimes, c'est assez beau non
C'est le ________
Ouais, je l'ai composé spécialement pour toi
À ta mémoire de scélérat
C'est un joli thème, tu ne trouves pas non
Semblable à toi-même, pauvre con
Requiem pour un con
31%
Z Dans mon fauteuil, je regardais le film à la télé
Un type nommé Jojo le bouffi poursuivait la pauv' Suzy
Il la coinça près d'la scierie
Et très méchamment lui dit
Si tu m'donnes pas ton ranch en moins d'deux
Je vais t'couper en deux
Puis il l'empoigna (et alors)
Ben il la ficela (et alors)
Il la mit sous la scie (et alors, et alors)
Zorro est arrivé
31%
W ________ Dylan is Dylan
________
Viva Donovan
C'est comme un soleil
Dans le gris du ciel
________ et hippie hippie pip
Hippie pip Hippie pip
Wight is wight
29%
T Un enfant nous embrasse
Parce qu'on le rend heureux
Tous nos chagrins s'effacent
On a les larmes aux yeux
Mon dieu, mon dieu, mon dieu
La {tendresse}
20%
U Comme nos voix
Ba da ba da da ba da ba da
Chantent tout bas
Ba da ba da da ba da ba da
Nos cœurs y voient
Ba da ba da da ba da ba da
Comme une chance, comme un espoir
Un homme et une femme
20%
L
Savoir
Si quelque part il y a l'espoir
D'être un jour les enfants du hasard
Je vois ma vie projeter
Son futur dans l'espace
Et le silence me répond
En secret
Laissons entrer le soleil
12%
Aucun quiz correspondant
Distribution des résultats
% des personnes avec chaque résultat
Percentile par nombre de réponses
Votre historique - résultats
Vous n’avez pas pris ce quiz